Spotrebiteľské zmluvy a právna ochrana spotrebiteľa diplomová práca

Salvato in:
Dettagli Bibliografici
Autore principale: Fürster, Maroš
Ente Autore: Obchodná fakulta EU. Katedra obchodného práva
Altri autori: Vačoková, Lenka, 1983-
Natura: Libro
Lingua:slovacco
Pubblicazione: Bratislava 2019
Tags: Aggiungi Tag
Nessun Tag, puoi essere il primo ad aggiungerne!!

MARC

LEADER 00000nbm a2200000 4500
001 0254091
005 20191108122018.0
041 0 |a slo 
044 |a SK 
245 1 0 |a Spotrebiteľské zmluvy a právna ochrana spotrebiteľa  |b diplomová práca  |c Maroš Fürster ; školiteľ: Lenka Vačoková 
264 1 |a Bratislava  |c 2019 
300 |a 64 s. 
100 1 |a Fürster, Maroš 
700 1 |a Vačoková, Lenka, 1983- 
710 2 |a Obchodná fakulta EU. Katedra obchodného práva